Secondi posti Champions League - Morte improvvisa - Statistics

Statistiche generali
  • Questo quiz è stato fatto 294 volte
  • Il punteggio medio è 6 su 14
Answers on the Grid
Answers color-coded by a green-red scale on the quiz's grid according to % correct below.
Juventus
Bayern Monaco
Benfica
Milan
Liverpool
Real Madrid
Barcellona
Inter
Atletico Madrid
Manchester United
Ajax
Borussia Dortmund
Stade Reims
Valencia
Chelsea
Paris Saint-Germain
Manchester City
Tottenham
Roma
Bayer Leverkusen
Fiorentina
Partizan Belgrado
Sampdoria
Stella Rossa
Porto
PSV
Feyenoord
Aston Villa
Siviglia
Napoli
 
Statistiche sulle risposte
Risposta % Corretto
Juventus
70%
Inter
63%
Milan
58%
Atletico Madrid
53%
Liverpool
49%
Real Madrid
44%
Bayern Monaco
42%
Manchester United
38%
Borussia Dortmund
37%
Ajax
34%
Barcellona
34%
Benfica
32%
Valencia
23%
Stade Reims
13%
Nessun quiz corrispondente trovato
Distribuzione punteggi
Percentuale di utenti per punteggio
Percentile per numero di risposta
I tuoi punteggi nel tempo
Non hai fatto questo quiz